Tilastot visalle Suomen lentoasemat

Klikkaa tästä pelataksesi tätä visaa!

Yleistilastot

  • Tätä visaa on pelattu 561 kertaa
  • Keskiarvotulos 21 / 24

Vastaustilastot

KoodiKaupunki% Oikein
HELHelsinki-Vantaa
99%
JYVJyväskylä
98%
KUOKuopio
98%
OULOulu
98%
JOEJoensuu
97%
KEMKemi-Tornio
97%
PORPori
97%
TMPTampere-Pirkkala
97%
TKUTurku
97%
KAJKajaani
96%
RVNRovaniemi
96%
VAAVaasa
96%
KOKKokkola-Pietarsaari
95%
IVLIvalo
94%
MIKMikkeli
94%
LPPLappeenranta
93%
KTTKittilä
88%
VRKVarkaus
88%
SVLSavonlinna
78%
SJYSeinäjoki
72%
MHQMaarianhamina
65%
HEMHelsinki-Malmi
62%
ENFEnontekiö
51%
KAOKuusamo
43%

Tulosjakauma

Persentiili vastausten määrän mukaan

Jokaisen tuloksen saaneiden osuus

Tuloshistoriasi

Et ole pelannut tätä visaa